000 00737nam a2200289Ia 4500
005 20260324124421.0
008 008 260324s9999 xx 000 0 eng d
020 _a9780429138737
037 _aEBOOK
040 _aCRL
040 _beng
040 _cCRL
041 _2eng
041 _aeng
084 _qCRL
100 _aBenjamin C.M. Fung; Ke Wang; Ada Wai-Chee Fu; Philip S. Yu
_91174076
245 0 _aIntroduction to Privacy-Preserving Data Publishing
245 0 _bConcepts and Techniques
260 _bTaylor and Francis
260 _c2010
365 _a
365 _b290
856 _uhttp://www.taylorfrancis.com/books/9780429138737
942 _cEBOOK
999 _c1768432
_d1768432